[Event "Heusenstamm Schloss op"]
[Site "Heusenstamm"]
[Date "2023.11.25"]
[Round "4"]
[White "Krychevskiy, Dmytro"]
[Black "Vihan, Shourya"]
[Result "0-1"]
[WhiteElo "1888"]
[BlackElo "2044"]
[PlyCount "132"]
[EventDate "2023.11.23"]
[EventType "swiss"]
[EventRounds "7"]
[EventCountry "GER"]
[SourceTitle "CB50_2023"]
[SourceDate "2023.12.13"]
[SourceVersion "1"]
[SourceVersionDate "2023.12.13"]
[SourceQuality "1"]

1. e4 c5 2. Nf3 e6 3. c3 d5 4. exd5 Qxd5 5. d4 Nc6 6. Be3 cxd4 7. cxd4 Nf6 8. Nc3 Qd8 9. Rc1 Bd6 10. Bd3 0-0 11. 0-0 Re8 12. Bg5 Be7 13. Bb1 Nd5 14. Bxe7 Ncxe7 15. Qd3 Nf6 16. Rfd1 b6 17. Ne4 Ng6 18. Nxf6+ Qxf6 19. Rc7 Re7 20. Rxe7 Qxe7 21. d5 exd5 22. Qxd5 Bb7 23. Qd3 Qf6 24. Qd4 Qxd4 25. Rxd4 Rc8 26. Rd1 Nf4 27. Ng5 Bxg2 28. Bxh7+ Kf8 29. Be4 Bxe4 30. Nxe4 Rc2 31. Rb1 f5 32. Nd6 Nh3+ 33. Kg2 Nxf2 34. Nxf5 Nd3+ 35. Kg3 Rxb2 36. Rd1 Nc5 37. Ra1 Kf7 38. h4 a5 39. Nd4 a4 40. Rf1+ Kg6 41. Ra1 a3 42. Kf4 Na4 43. Ke5 Nc3 44. Rg1+ Kf7 45. Rg3 Ne2 46. Rf3+ Kg8 47. Rxa3 Nxd4 48. Kxd4 Rb4+ 49. Ke3 Rxh4 50. Ra6 Rh6 51. a4 Rf6 52. a5 bxa5 53. Rxa5 Kh7 54. Rh5+ Kg6 55. Rh2 Rf5 56. Rg2+ Kf6 57. Rf2 Rxf2 58. Kxf2 Kg5 59. Kg3 g6 60. Kh2 Kf4 61. Kh1 Kg3 62. Kg1 g5 63. Kh1 g4 64. Kg1 Kh3 65. Kh1 g3 66. Kg1 g2 0-1

[Event "DSOL 02 Liga Gr-D 1st"]
[Site "Playchess.com INT"]
[Date "2020.08.11"]
[Round "2.3"]
[White "Hansch, Torsten"]
[Black "Krychevskiy, Dmytro"]
[Result "1-0"]
[WhiteElo "2064"]
[BlackElo "1906"]
[PlyCount "84"]
[EventDate "2020.06.22"]
[EventType "team-tourn (rapid)"]
[EventCountry "GER"]
[SourceTitle "EXT 2021"]
[Source "ChessBase"]
[SourceDate "2020.10.23"]
[SourceVersion "1"]
[SourceVersionDate "2020.10.23"]
[SourceQuality "1"]
[WhiteTeam "Stendal"]
[BlackTeam "Oberursel"]
[WhiteTeamCountry "GER"]
[BlackTeamCountry "GER"]

1. d4 d5 2. c4 c6 3. Nf3 Nf6 4. e3 Bg4 5. Nc3 dxc4 6. Bxc4 e6 7. 0-0 Be7 8. b3 0-0 9. Bb2 Nbd7 10. Rc1 Rc8 11. h3 Bh5 12. Qe2 Nd5 13. Ne4 N7b6 14. Bd3 Nd7 15. Rfd1 f5 16. Nc5 Nxc5 17. dxc5 Qa5 18. a3 Bf6 19. b4 Qc7 20. Bxf6 gxf6 21. e4 Nf4 22. Qe3 e5 23. Kh2 Qg7 24. g3 Nxd3 25. Rxd3 fxe4 26. Qxe4 Bg6 27. Qc4+ Bf7 28. Qe4 Bd5 29. Rxd5 cxd5 30. Qxd5+ Qf7 31. Qe4 Rfd8 32. b5 Qd5 33. Qf5 Rf8 34. Rc2 Rc7 35. a4 Kh8 36. Ng5 Re7 37. c6 Qg8 38. c7 Ree8 39. Nxh7 Qxh7 40. c8Q Rxc8 41. Qxc8 Qe7 42. Qf5 Qh7 1-0

[Event "DSOL 02 Liga Gr-D 1st"]
[Site "Playchess.com INT"]
[Date "2020.06.25"]
[Round "1.3"]
[White "Kabitzke, Julian"]
[Black "Krychevskiy, Dmytro"]
[Result "1-0"]
[WhiteElo "2002"]
[BlackElo "1906"]
[PlyCount "89"]
[EventDate "2020.06.22"]
[EventType "team-tourn (rapid)"]
[EventCountry "GER"]
[SourceTitle "EXT 2021"]
[Source "ChessBase"]
[SourceDate "2020.10.23"]
[SourceVersion "1"]
[SourceVersionDate "2020.10.23"]
[SourceQuality "1"]
[WhiteTeam "Chemnitz USG"]
[BlackTeam "Oberursel"]
[WhiteTeamCountry "GER"]
[BlackTeamCountry "GER"]

1. e4 e6 2. d4 d5 3. Nd2 dxe4 4. Nxe4 Nd7 5. Nf3 Ngf6 6. Bd3 Nxe4 7. Bxe4 Nf6 8. Bg5 Be7 9. Bxf6 Bxf6 10. Qd3 Qd6 11. 0-0-0 a5 12. Ne5 g6 13. h4 h5 14. Bxg6 Bxe5 15. dxe5 Qxd3 16. Bxd3 Bd7 17. Be4 0-0-0 18. g3 Rh6 19. Rd2 f6 20. exf6 Rxf6 21. Rhd1 c6 22. f4 Rf7 23. Bg6 Rg7 24. f5 Rf8 25. Bxh5 exf5 26. Rd6 Kc7 27. Rg6 Rh7 28. Rg5 f4 29. Rf1 a4 30. Rxf4 Rxf4 31. gxf4 Be6 32. a3 Bd5 33. Kd2 Re7 34. Bg6 Bf3 35. h5 Re2+ 36. Kd3 Rh2 37. f5 Kd6 38. f6 Be2+ 39. Ke3 Bd1 40. f7 Re2+ 41. Kd4 Rd2+ 42. Kc3 Rf2 43. Rf5 Rxf5 44. Bxf5 Ke7 45. Bg6 1-0

[Event "Rhein Main op-B 22nd"]
[Site "Bad Homburg"]
[Date "2019.06.22"]
[Round "6"]
[White "Streit, Juergen"]
[Black "Krychevskiy, Dmytro"]
[Result "0-1"]
[WhiteElo "1873"]
[BlackElo "1927"]
[PlyCount "60"]
[EventDate "2019.06.19"]
[EventType "swiss"]
[EventRounds "7"]
[EventCountry "GER"]
[SourceTitle "EXT 2020"]
[Source "ChessBase"]
[SourceDate "2019.10.17"]
[SourceVersion "1"]
[SourceVersionDate "2019.10.17"]
[SourceQuality "1"]

1. e4 c6 2. Nc3 d5 3. Qf3 dxe4 4. Nxe4 Nd7 5. d4 Ngf6 6. Bc4 Nb6 7. Bd3 Qxd4 8. Ne2 Qd7 9. h3 Nxe4 10. Bxe4 e5 11. Ng3 Qc7 12. Be3 Be7 13. Nh5 Bf8 14. Qg3 f5 15. Bxb6 axb6 16. Bf3 g6 17. 0-0 Be6 18. Rad1 gxh5 19. Rfe1 Bg7 20. Rd2 Bf6 21. Bxh5+ Kf8 22. Rde2 Rg8 23. Qe3 f4 24. Qc3 Qg7 25. Qf3 Bd5 26. Re4 c5 27. Rxe5 Qxg2+ 28. Qxg2 Rxg2+ 29. Kf1 Bxe5 30. Rxe5 Bc6 0-1

[Event "Heusenstamm Sparkassen op-A 5th"]
[Site "Heusenstamm"]
[Date "2018.11.23"]
[Round "3"]
[White "Boos, Markus"]
[Black "Krychevskiy, Dmytro"]
[Result "1-0"]
[WhiteElo "2166"]
[BlackElo "1986"]
[PlyCount "89"]
[EventDate "2018.11.22"]
[EventType "swiss"]
[EventRounds "7"]
[EventCountry "GER"]
[SourceTitle "CBM 188 Extra"]
[Source "ChessBase"]
[SourceDate "2019.02.26"]
[SourceVersion "1"]
[SourceVersionDate "2019.02.26"]
[SourceQuality "1"]

1. d4 c6 2. c4 d5 3. Nf3 Nf6 4. e3 e6 5. b3 Bb4+ 6. Nbd2 0-0 7. Bd3 Nbd7 8. 0-0 Re8 9. Bb2 Bd6 10. e4 e5 11. dxe5 Nxe5 12. Nxe5 Bxe5 13. Bxe5 Rxe5 14. f4 Re8 15. cxd5 cxd5 16. e5 Ng4 17. Qf3 Qb6+ 18. Kh1 Qe3 19. Qxe3 Nxe3 20. Rfe1 Ng4 21. Kg1 g6 22. h3 Nh6 23. g4 Kf8 24. Nf3 Bd7 25. Rac1 Rac8 26. Kf2 Ng8 27. Nd4 a6 28. Rxc8 Rxc8 29. Ke3 Ne7 30. f5 Nc6 31. e6 Re8 32. Nxc6 bxc6 33. Kd4 fxe6 34. fxg6 hxg6 35. Bxg6 Rb8 36. Ke5 Kg7 37. Bd3 a5 38. Kd6 Rb7 39. Re5 Ra7 40. Rh5 Ra8 41. Kxd7 a4 42. Kxe6 axb3 43. axb3 Ra3 44. Rh7+ Kg8 45. Rb7 1-0

[Event "Rhein Main op-B 21st"]
[Site "Bad Homburg"]
[Date "2018.05.31"]
[Round "3"]
[White "Kirchmann, Michael"]
[Black "Krychevskiy, Dmytro"]
[Result "0-1"]
[WhiteElo "1808"]
[BlackElo "1925"]
[PlyCount "54"]
[EventDate "2018.05.30"]
[EventType "swiss"]
[EventRounds "7"]
[EventCountry "GER"]
[SourceTitle "EXT 2019"]
[Source "ChessBase"]
[SourceDate "2018.10.10"]
[SourceVersion "1"]
[SourceVersionDate "2018.10.10"]
[SourceQuality "1"]

1. d4 c6 2. c4 d5 3. Nc3 Nf6 4. cxd5 cxd5 5. g3 Nc6 6. Bg2 e6 7. Nf3 Qb6 8. 0-0 Be7 9. e3 Bd7 10. a3 Na5 11. b4 Nc4 12. Ne5 Rc8 13. Nxd7 Nxd7 14. Na4 Qc6 15. Nc5 b6 16. Nd3 0-0 17. Nb2 Qb7 18. Qe2 Nd6 19. b5 Rc7 20. a4 Rfc8 21. Nd3 Bf6 22. Nb4 Nb8 23. Ba3 Nc4 24. Rfc1 Nxa3 25. Rxc7 Qxc7 26. Rxa3 Qc1+ 27. Bf1 Qxa3 0-1

[Event "Rhein Main op-B 21st"]
[Site "Bad Homburg"]
[Date "2018.05.30"]
[Round "1"]
[White "Gerber, Ingo"]
[Black "Krychevskiy, Dmytro"]
[Result "0-1"]
[WhiteElo "1578"]
[BlackElo "1925"]
[PlyCount "84"]
[EventDate "2018.05.30"]
[EventType "swiss"]
[EventRounds "7"]
[EventCountry "GER"]
[SourceTitle "EXT 2019"]
[Source "ChessBase"]
[SourceDate "2018.10.10"]
[SourceVersion "1"]
[SourceVersionDate "2018.10.10"]
[SourceQuality "1"]

1. d4 c6 2. Nf3 Nf6 3. Bf4 d5 4. h3 Qb6 5. Qc1 Bf5 6. Nbd2 Nbd7 7. e3 e6 8. Be2 Be7 9. 0-0 0-0 10. c4 Rac8 11. c5 Qd8 12. b4 Ne4 13. a4 Bf6 14. Rd1 Re8 15. Ra3 Nxd2 16. Rxd2 e5 17. dxe5 Nxe5 18. Nxe5 Bxe5 19. Bxe5 Rxe5 20. Rd4 Re4 21. Qd1 Qg5 22. Kh2 Rce8 23. Bf3 Rh4 24. Rxh4 Qxh4 25. Qe1 Re6 26. g4 Rh6 27. Bg2 Bxg4 28. e4 Qe7 29. Rg3 Qe5 30. Qd2 Rh4 31. exd5 cxd5 32. Qxd5 Rxh3+ 33. Kg1 Qxd5 34. Bxd5 Rxg3+ 35. fxg3 Bc8 36. b5 b6 37. c6 Kf8 38. Kf2 Ke7 39. Ke3 f6 40. Kd4 Kd6 41. Bg8 Bf5 42. Bd5 Bc2 0-1

[Event "Eschborn op"]
[Site "Eschborn"]
[Date "2017.10.14"]
[Round "3"]
[White "Krychevskiy, Dmytro"]
[Black "Olesiak, Marcin"]
[Result "0-1"]
[WhiteElo "1846"]
[BlackElo "2142"]
[PlyCount "88"]
[EventDate "2017.10.13"]
[EventType "swiss"]
[EventRounds "5"]
[EventCountry "GER"]
[SourceTitle "EXT 2019"]
[Source "ChessBase"]
[SourceDate "2018.10.10"]
[SourceVersion "1"]
[SourceVersionDate "2018.10.10"]
[SourceQuality "1"]

1. e4 c5 2. Nf3 d6 3. d4 cxd4 4. Qxd4 a6 5. Bg5 Nc6 6. Qd2 h6 7. Bh4 g5 8. Bg3 Bg7 9. Nc3 Be6 10. Bd3 Rc8 11. 0-0 Qa5 12. Nd1 Qxd2 13. Nxd2 Nb4 14. Ne3 Bxb2 15. Rab1 Bc3 16. Ndc4 Nf6 17. Nb6 Rc7 18. a3 Nxd3 19. cxd3 Bd4 20. Rfe1 0-0 21. h4 Kg7 22. Kf1 Bxb6 23. Rxb6 Nd7 24. Rb4 b5 25. d4 Bc4+ 26. Kg1 Nb6 27. Kh2 Rfc8 28. e5 d5 29. e6 Rc6 30. exf7 Kxf7 31. Nf5 Re8 32. Ne3 Bd3 33. Ng4 Rc3 34. Nxh6+ Kg7 35. hxg5 e6 36. Ng4 Nd7 37. a4 a5 38. Rb2 b4 39. Bc7 Rxc7 40. f4 Be4 41. Rf2 Rec8 42. Nh6 Rc2 43. Rxc2 Rxc2 44. f5 exf5 0-1

[Event "Heusenstamm Sparkassen op-B 3rd"]
[Site "Heusenstamm"]
[Date "2016.11.27"]
[Round "1"]
[White "Krychevskiy, Dmytro"]
[Black "Gruber, Marcel"]
[Result "1-0"]
[WhiteElo "1692"]
[BlackElo "1431"]
[PlyCount "77"]
[EventDate "2016.11.27"]
[EventType "swiss"]
[EventRounds "7"]
[EventCountry "GER"]
[SourceTitle "EXT 2018"]
[Source "ChessBase"]
[SourceDate "2017.10.13"]
[SourceVersion "1"]
[SourceVersionDate "2017.10.13"]
[SourceQuality "1"]

1. e4 c5 2. Nf3 Nc6 3. d4 cxd4 4. Nxd4 e5 5. Nb5 d6 6. c4 a6 7. N5a3 Nf6 8. Nc3 Be7 9. Be2 0-0 10. Be3 Be6 11. Qd2 Rc8 12. f3 Ne8 13. Nd5 f5 14. Bb6 Qd7 15. 0-0-0 fxe4 16. fxe4 Nf6 17. Bd3 Kh8 18. Kb1 Bd8 19. Be3 Ng4 20. Rhf1 Ba5 21. Qc1 Nxe3 22. Qxe3 Nd4 23. Nc2 Nxc2 24. Bxc2 Bxd5 25. exd5 Qc7 26. Qh3 h6 27. Qg4 g5 28. Qe6 Qg7 29. Qxd6 Bc7 30. Qe6 Rce8 31. Rxf8+ Rxf8 32. d6 Bd8 33. Re1 Bf6 34. Rf1 Bd8 35. Rxf8+ Qxf8 36. Qxe5+ Kg8 37. Qd5+ Kh8 38. a3 Qf1+ 39. Ka2 1-0

[Event "Heusenstamm Sparkassen op-B 3rd"]
[Site "Heusenstamm"]
[Date "2016.11.27"]
[Round "4"]
[White "Mehl, Ulrich"]
[Black "Krychevskiy, Dmytro"]
[Result "1/2-1/2"]
[WhiteElo "1556"]
[BlackElo "1692"]
[PlyCount "60"]
[EventDate "2016.11.27"]
[EventType "swiss"]
[EventRounds "7"]
[EventCountry "GER"]
[SourceTitle "EXT 2018"]
[Source "ChessBase"]
[SourceDate "2017.10.13"]
[SourceVersion "1"]
[SourceVersionDate "2017.10.13"]
[SourceQuality "1"]

1. d4 e6 2. c4 f5 3. Nc3 Nf6 4. Nf3 Be7 5. Bg5 d5 6. e3 0-0 7. Ne5 c6 8. Bd3 Bd6 9. f4 Qe8 10. 0-0 Ne4 11. Nxe4 fxe4 12. Be2 Nd7 13. Bh5 g6 14. Be2 Nxe5 15. fxe5 Rxf1+ 16. Qxf1 Bf8 17. Qf4 Bd7 18. Rf1 Bg7 19. h4 Qf8 20. Qg4 Qb4 21. cxd5 cxd5 22. h5 Rf8 23. Bf6 Qd2 24. Bg5 h6 25. Rxf8+ Bxf8 26. Bxh6 Bxh6 27. Qxg6+ Bg7 28. Kf2 Bb5 29. Qxe6+ Kh7 30. Qf5+ Kg8 1/2-1/2

[Event "Dortmund Sparkassen op-B"]
[Site "Dortmund"]
[Date "2008.07.05"]
[Round "8"]
[White "Holtel, Jasper"]
[Black "Krychevskiy, Dmytro"]
[Result "1-0"]
[WhiteElo "1267"]
[BlackElo "1720"]
[PlyCount "101"]
[EventDate "2008.06.30"]
[EventType "swiss"]
[EventRounds "9"]
[EventCountry "GER"]
[SourceTitle "EXT 2022"]
[Source "ChessBase"]
[SourceDate "2021.10.06"]
[SourceVersion "1"]
[SourceVersionDate "2021.10.06"]
[SourceQuality "1"]

1. e4 e6 2. d4 d5 3. exd5 exd5 4. c4 c6 5. cxd5 cxd5 6. Nf3 Nc6 7. Bb5 Qa5+ 8. Nc3 Bb4 9. Bxc6+ bxc6 10. Bd2 Ba6 11. Ne2 Rb8 12. b3 Ne7 13. 0-0 0-0 14. Re1 Nf5 15. Bxb4 Qxb4 16. Ng3 Nxg3 17. hxg3 f6 18. Rc1 Rbc8 19. Re6 Bb7 20. Qd2 Qa3 21. Rc5 Kf7 22. Ra5 Qxa5 23. Qxa5 Kxe6 24. Qxa7 Rc7 25. Qa5 Kd7 26. Qc5 Re8 27. Kh2 Re2 28. Qf8 Re7 29. Qg8 g6 30. Qf8 Rc8 31. Qxf6 Rce8 32. Ne5+ Kc7 33. f4 Re6 34. Qh4 R8e7 35. Kg1 Ba6 36. Kf2 Kb6 37. b4 Kb5 38. Qh1 Kxb4 39. Qc1 Bc4 40. Qb2+ Ka4 41. Ke3 Bb5 42. Kd2 Ka5 43. Kc3 Ka6 44. a4 Bf1 45. Qb8 Re8 46. Qc7 R8e7 47. Qc8+ Kb6 48. Kb4 Ka7 49. Kc5 Ba6 50. Nxc6+ Rxc6+ 51. Qxc6 1-0

[Event "Dortmund Sparkassen op-B"]
[Site "Dortmund"]
[Date "2008.07.03"]
[Round "5"]
[White "Krychevskiy, Dmytro"]
[Black "Reinacher, Detlev"]
[Result "1-0"]
[WhiteElo "1720"]
[BlackElo "1503"]
[PlyCount "101"]
[EventDate "2008.06.30"]
[EventType "swiss"]
[EventRounds "9"]
[EventCountry "GER"]
[SourceTitle "EXT 2022"]
[Source "ChessBase"]
[SourceDate "2021.10.06"]
[SourceVersion "1"]
[SourceVersionDate "2021.10.06"]
[SourceQuality "1"]

1. e4 d6 2. f4 g6 3. Nf3 Bg7 4. Nc3 e5 5. Bc4 exf4 6. d4 Nf6 7. Bxf4 0-0 8. 0-0 Nbd7 9. Bg5 h6 10. Bh4 g5 11. Be1 c6 12. Bd3 Qc7 13. Nd2 Nb6 14. a4 a5 15. Qe2 Ng4 16. Nb3 Be6 17. Bg3 Bxb3 18. Qxg4 Bxd4+ 19. Kh1 Bc4 20. h4 f6 21. Ne2 Be5 22. Bf2 Bxd3 23. cxd3 c5 24. d4 cxd4 25. Nxd4 Bxd4 26. Bxd4 Qd8 27. hxg5 hxg5 28. Ra3 Qd7 29. Qh5 Rf7 30. Rh3 Kf8 31. Bxb6 Ke7 32. Qd1 Qc6 33. Bd4 Raf8 34. Rc3 Qd7 35. Bb6 Rh8+ 36. Kg1 Kf8 37. Rc7 Qe6 38. Rxf7+ Kxf7 39. Bd4 Rh6 40. Qc2 Qe7 41. Qc3 Qd8 42. e5 dxe5 43. Bxe5 Qb6+ 44. Bd4 Qd6 45. Be5 Qb6+ 46. Qd4 Qxd4+ 47. Bxd4 Rh4 48. Bxf6 Kg6 49. Bc3 Rxa4 50. Rf6+ Kh5 51. Rb6 1-0